000
00343nam a2200157Ia 4500
100
_a
Hagan/Martin T
650
_a
Neural network
942
_c
BK
366
_f
25
654
_a
neural network
245
_a
Neural Network Design
260
_b
Cengage Learning
_c
1996
082
_a
4.65
_b
HAG
546
_a
ENGLISH
_c
Computers
999
_c
23123
_d
23123